La diplomacia del dólar y la esterlina
Salvato in:
| Autore principale: | |
|---|---|
| Natura: | Libro |
| Lingua: | spagnolo |
| Pubblicazione: |
Buenos Aires
Troquel
1966
|
| Soggetti: | |
| Tags: |
Aggiungi Tag
Nessun Tag, puoi essere il primo ad aggiungerne!!
|
MARC
| LEADER | 00000nam a2200000 a 4500 | ||
|---|---|---|---|
| 001 | UCQ2157 | ||
| 003 | CL-VaPUC | ||
| 008 | 980721e19660000AG |||||||||||||||||spa|d | ||
| 082 | 0 | 4 | |a 337.73 |b GAR |2 21 |
| 100 | 0 | |a Gardner, Richard N |e author |9 416105 | |
| 245 | 1 | 3 | |a La diplomacia del dólar y la esterlina |
| 300 | |a 500 p | ||
| 942 | |c BK | ||
| 945 | |d 19980721 00:00:00 |a crobeson | ||
| 260 | |a Buenos Aires |b Troquel |c 1966 | ||
| 650 | 0 | |a Economía internacional |9 258254 | |
| 650 | 0 | |a Relaciones Internacionales |9 255740 | |
| 650 | 0 | |a COOPERACION ECONOMICA |9 307939 | |
| 651 | 0 | |a Estados Unidos |9 255178 | |
| 651 | 7 | |a REINO UNIDO |2 CL-VaPUC |9 388523 | |
| 583 | |a last modification |c 19980721 00:00:00 |k Rodrigo Vera | ||
| 999 | |c 272998 |d 272996 | ||
| 952 | |0 0 |1 0 |4 0 |6 337_730000000000000_GAR_1966 |7 0 |8 A |9 308238 |a BIBENE |b BIBENE |d 2019-11-20 |i 1439677 |o 337.73 GAR 1966 |p 1439677 |r 2025-01-15 |w 2019-11-20 |y BK |k ICO | ||